000
00324nam a22001457a 4500
003
OSt
005
20231025113430.0
008
231025b |||||||| |||| 00| 0 eng d
040
_c
IIMT UNIVERSITY
100
_a
GEETA, PRESS
245
_a
KALYAN
260
_a
GORAKHPUR
_b
GEETA PRESS
_c
NA
300
_a
687
942
_2
ddc
_c
09
999
_c
57527
_d
57527